| 000 | 01727nam a2200505 i 4500 | ||
|---|---|---|---|
| 001 | 3526 | ||
| 003 | KOSZ 005 | ||
| 005 | 20200127134624.0 | ||
| 008 | 200127s1988 pl a f 000 0 pol | ||
| 015 | _aPB 1988/2629 | ||
| 020 | _a8301082038 | ||
| 035 | _a991003023679705066 | ||
| 035 | _a(PL-WaBN)b10817190-48omnis_nlop | ||
| 035 | _ab10817190 | ||
| 035 | _a(OCoLC)749272263 | ||
| 035 | _a(PL)b0000001081719 | ||
| 035 | _a(EXLNZ-48OMNIS_NETWORK)9910106065705606 | ||
| 040 |
_aWA N _cWA N _dKOSZ 005/RW |
||
| 046 | _k1988 | ||
| 080 | _a658.1/.5 | ||
| 080 | _a69.003 | ||
| 080 | _a(075.8) | ||
| 100 | 1 |
_aLisowski, Jerzy Lech _d(1939- ) _eAutor |
|
| 245 | 1 | 0 |
_aEkonomika przedsiębiorstwa budowlanego / _cJerzy Lisowski. |
| 260 |
_aWarszawa : _bPaństwowe Wydawnictwo Naukowe, _c1988. |
||
| 300 |
_a228,[3] stron : _brysunki, wykresy ; _c24 cm. |
||
| 336 |
_aTekst _btxt _2rdacontent |
||
| 337 |
_aBez urządzenia pośredniczącego _bn _2rdamedia |
||
| 338 |
_aWolumin _bnc _2rdacarrier |
||
| 380 | _aKsiążki | ||
| 380 | _aPublikacje dydaktyczne | ||
| 388 | _a1901-2000 | ||
| 504 | _aBibliografia na stronach 227-[229]. | ||
| 521 | _aSkrypt dla studentów wyższych szkół technicznych na kierunku budownictwo. | ||
| 650 | 7 |
_aPrzedsiębiorstwo budowlane _2DBN |
|
| 650 | 7 | _aEkonomika | |
| 650 | 7 | _aOrganizacja | |
| 655 | 7 |
_aPodręczniki akademickie _2DBN |
|
| 658 | _aArchitektura i budownictwo | ||
| 658 | _aGospodarka, ekonomia, finanse | ||
| 710 | 2 |
_aPaństwowe Wydawnictwo Naukowe _4pbl |
|
| 856 |
_uhttp://koha.tu.koszalin.pl/cgi-bin/koha/opac-detail.pl?biblionumber=3526 _yKatalog online BPK |
||
| 942 |
_2UKD _cKS |
||
| 999 |
_c3526 _d3526 |
||